| 000 | 00891nam a2200217Ia 4500 | ||
|---|---|---|---|
| 003 | IN-BaIIA | ||
| 008 | 211028s9999 xx 000 0 eng d | ||
| 020 | _a1-56396-772-3 | ||
| 040 | _cIIA Library | ||
| 080 |
_a520.1(082.2) _bPRO-1 |
||
| 111 |
_aCompton Symposium _n4th _cVirginia _d1997 Apr. _922591 |
||
| 245 | 0 |
_aProceedings of the fourth compton symposium held in Williamsburg, Virginia, April 1997 _bpt. 1, the compton observatory in review _cedited by Charles D. Dermer, Mark S. Strickman and James D. Kurfess |
|
| 260 |
_aNew York _bAmerican Institute of Physics _c1997 |
||
| 300 | _a2v.(xxviii, 534p.) | ||
| 490 | _aAIP conference proceedings; v. 410 | ||
| 650 |
_aCompton effect _922592 |
||
| 700 |
_aDermer, Charles D., ed. _922593 |
||
| 700 |
_aKurfess, James D., ed. _922594 |
||
| 700 |
_aStrickman, Mark S., ed. _922595 |
||
| 942 | _cBK | ||
| 999 |
_c12880 _d12880 |
||